000 00429nam a2200133 a 4500
001 000038135
005 20201002031200.0
008 130315s1990 dr c 000 0 spa d
040 _aDO-SdBNP
_bspa
_cBNPHU
100 1 _aGrullón E., Alejandro E.
_944329
245 1 3 _aEl banquero y su responsabilidad /
_cAlejandro E. Grullón E.
260 _aSanto Domingo :
_bGrupo Financiero Popular,
_c1990.
300 _a20 p. :
_bretrs. ;
_c22 c.
999 _c37625
_d37625